Titus Andronicus

A volume in The New Cambridge Shakespeare, newly edited to the meticulous standard for which this series has become known, this edition of Titus Andronicus includes an extensive introduction that leads the reader through the full spectrum of contemporary criticism of the play, major modern productio...

תיאור מלא

שמור ב:
מידע ביבליוגרפי
מחבר ראשי: Shakespeare, William
פורמט: ספר
שפה:Undetermined
יצא לאור: Cambridge Cambridge University Press 1994
נושאים:
תגים: הוספת תג
אין תגיות, היה/י הראשונ/ה לתייג את הרשומה!
Thư viện lưu trữ: Trung tâm Học liệu Trường Đại học Cần Thơ
LEADER 01180nam a2200217Ia 4500
001 CTU_167425
008 210402s9999 xx 000 0 und d
020 |c 11.04 
082 |a 822.33 
082 |b S527 
100 |a Shakespeare, William 
245 0 |a Titus Andronicus 
245 0 |c Edited by Alan Hughes 
260 |a Cambridge 
260 |b Cambridge University Press 
260 |c 1994 
520 |a A volume in The New Cambridge Shakespeare, newly edited to the meticulous standard for which this series has become known, this edition of Titus Andronicus includes an extensive introduction that leads the reader through the full spectrum of contemporary criticism of the play, major modern productions, and its performance history. Appendices explore how the play might have been performed at the Rose playhouse, which has been recently excavated, and how it could have been adapted for a touring company of fourteen men and boys. 
650 |a Andronicus, Titus (Legendary character),Nhân vật huyền thoại,Historical drama,Kịch, Lịch sử 
650 |x Drama 
904 |i Trọng Hiếu 
980 |a Trung tâm Học liệu Trường Đại học Cần Thơ